000 00463nam a2200169Ia 4500
008 231217s9999 xx 000 0 und d
020 _a122270851
041 _aEnglish
082 _a620.3 BRA.2;1 R
100 _aBraun, Simon G. Ewins, David J. Rao, Singiresu S.
245 0 _aEncyclopeadia of vibrations V2 : F-P
260 _c2002
_bAcademic Press
300 _axxviii+1031
500 _aContent page available
650 _aVibrations
942 _cAA
999 _c180819
_d180819